| 000 | 00433nam a22001697a 4500 | ||
|---|---|---|---|
| 003 | CEME | ||
| 005 | 20210628205315.0 | ||
| 008 | 210210b xxu||||| |||| 00| 0 eng d | ||
| 020 | _a0-340-69249-9 | ||
| 040 | _c. | ||
| 082 | _a670 SWI'P | ||
| 100 |
_aBooker, J. D Swift, K. _974867 |
||
| 245 | _aProcess selection from design to manufacture | ||
| 260 |
_aLONDON _bARNOLD JOHN WILEY _c1997 |
||
| 300 | _aX, 214P | ||
| 942 |
_cBK _2ddc |
||
| 999 |
_c580370 _d580370 |
||